Le meilleur buteur des Canadiens de Montréal par saison - Statistiques

Statistiques générales
  • Ce quiz a été pris 55 fois
  • Le résultat moyen est 41 sur 107
Statistiques - réponses
Hint Réponse Nombre de buts % Correct
2022-23 Cole Caufield/Nick Suzuki 26
100%
2021-22 Cole Caufield 23
91%
2024-25 Cole Caufield 37
91%
1974-75 Guy Lafleur 50
91%
1975-76 Guy Lafleur 56
91%
1977-78 Guy Lafleur 60
91%
1978-79 Guy Lafleur 52
91%
1983-84 Guy Lafleur 30
91%
1979-80 Guy Lafleur/Pierre Larouche 50
91%
1943-44 Maurice Richard 32
88%
1944-45 Maurice Richard 50
88%
1946-47 Maurice Richard 45
88%
1949-50 Maurice Richard 43
88%
1950-51 Maurice Richard 42
88%
1952-53 Maurice Richard 28
88%
1953-54 Maurice Richard 37
88%
1954-55 Maurice Richard/Bernard « Boum-Boum » Geoffrion 38
88%
1956-57 Maurice Richard/Jean Beliveau 33
88%
2023-24 Nick Suzuki 33
88%
2012-13 Max Pacioretty/Brendan Gallagher 15
73%
1955-56 Jean Beliveau 47
70%
1958-59 Jean Beliveau 45
70%
1959-60 Jean Beliveau 34
70%
1963-64 Jean Beliveau 28
70%
1967-68 Jean Beliveau 31
70%
2017-18 Brendan Gallagher 31
67%
2018-19 Brendan Gallagher 33
67%
2019-20 Tomas Tatar/Brendan Gallagher 22
67%
2013-14 Max Pacioretty 39
58%
2014-15 Max Pacioretty 37
58%
2016-17 Max Pacioretty 35
58%
2015-16 Max Pacioretty/Alex Galchenyuk 30
58%
1951-52 Bernard « Boum-Boum » Geoffrion 30
52%
1960-61 Bernard « Boum-Boum » Geoffrion 50
52%
1987-88 Stephane Richer 50
48%
1989-90 Stephane Richer 51
48%
1990-91 Stephane Richer 31
48%
2007-08 Alex Kovalev 35
42%
2008-09 Alex Kovalev 26
42%
1993-94 Vincent Damphousse 40
36%
1995-96 Vincent Damphousse/Pierre Turgeon 38
36%
2009-10 Brian Gionta 28
33%
2010-11 Brian Gionta 29
33%
1925-26 Howie Morenz 23
33%
1926-27 Howie Morenz 25
33%
1927-28 Howie Morenz 33
33%
1928-29 Howie Morenz 17
33%
1929-30 Howie Morenz 40
33%
1930-31 Howie Morenz 28
33%
1931-32 Howie Morenz 24
33%
2020-21 Tyler Toffoli 28
33%
1980-81 Mark Napier/Steve Shutt 35
30%
1976-77 Steve Shutt 60
30%
2011-12 Erik Cole 35
27%
1966-67 Yvan Cournoyer 25
27%
1968-69 Yvan Cournoyer 43
27%
1970-71 Yvan Cournoyer 37
27%
1971-72 Yvan Cournoyer 47
27%
1973-74 Yvan Cournoyer 40
27%
1947-48 Elmer Lach 30
24%
1984-85 Mats Naslund 42
24%
1985-86 Mats Naslund 43
24%
1988-89 Mats Naslund 33
24%
1938-39 Toe Blake 24
24%
1939-40 Toe Blake 17
24%
1945-46 Toe Blake 29
24%
1924-25 Aurel Joliat 30
21%
1932-33 Aurel Joliat 17
21%
1933-34 Aurel Joliat 21
21%
1918-19 Édouard « Newsy » Lalonde 23
21%
1920-21 Édouard « Newsy » Lalonde 33
21%
1969-70 Jacques Lemaire 32
21%
1972-73 Jacques Lemaire 44
21%
1935-36 Leroy Goldsworthy/Aurel Joliat 15
21%
1986-87 Bobby Smith 28
15%
1957-58 Dickie Moore 36
15%
2000-01 Brian Savage 21
12%
1962-63 Gilles Tremblay 25
12%
1917-18 Joe Malone 44
12%
1919-20 Joe Malone 39
12%
1994-95 Mark Recchi 14
12%
1996-97 Mark Recchi 34
12%
1997-98 Mark Recchi 32
12%
2005-06 Michael Ryder 30
12%
2006-07 Michael Ryder 30
12%
1965-66 Bobby Rousseau 30
9%
1981-82 Mark Napier 40
9%
1982-83 Mark Napier 40
9%
1998-99 Martin Rucinsky 17
9%
2002-03 Richard Zednik 31
9%
2003-04 Richard Zednik 26
9%
1961-62 Claude Provost 33
6%
1964-65 Claude Provost 27
6%
1934-35 Leroy Goldsworthy 20
6%
1922-23 Billy Boucher 23
3%
1923-24 Billy Boucher 16
3%
1992-93 Brian Bellows 40
3%
1937-38 Georges Mantha 23
3%
1991-92 Kirk Muller 36
3%
1921-22 Odie Cleghorn 21
3%
1999-00 Sergei Zholtok 26
3%
1948-49 Billy Reay 22
0%
1941-42 Joe Benoit 20
0%
1942-43 Joe Benoit 30
0%
1936-37 Johnny Gagnon 20
0%
1940-41 John Quilty 18
0%
2001-02 Yanic Perreault 27
0%
Aucun quiz correspondant
Distribution des résultats
% des personnes avec chaque résultat
Percentile par nombre de réponses
Votre historique - résultats
Vous n’avez pas pris ce quiz